000
00346cam a2200157ua 4500
041
_a
eng
_h
082
_a
320.58
_b
GAN/WA
100
_a
Gandhi, M K .
245
_a
Way to communal harmony
250
_a
1 /
_b
.
260
_a
:
_b
Navajeevan puplishing house ,
_c
1963.
300
_a
522 ; .
504
_a
942
_c
BK
999
_c
252
_d
252